[Event "SLO-chT Central 23rd"]
[Site "Slovenia"]
[Date "2022.09.29"]
[Round "2.4"]
[White "Grasic, Marjan"]
[Black "Filipic, Dusan"]
[Result "0-1"]
[WhiteElo "1696"]
[BlackElo "1397"]
[PlyCount "121"]
[EventDate "2022.09.15"]
[EventType "team-swiss"]
[EventRounds "9"]
[EventCountry "SLO"]
[SourceTitle "EXT 2024"]
[Source "ChessBase"]
[SourceDate "2023.10.10"]
[SourceVersion "1"]
[SourceVersionDate "2023.10.10"]
[SourceQuality "1"]
[WhiteTeam "Menges Trzin"]
[BlackTeam "Trzin Pekos Pub"]
[WhiteTeamCountry "SLO"]
[BlackTeamCountry "SLO"]

1. e4 b6 2. d4 Bb7 3. Nc3 e6 4. Nf3 c6 5. Bd3 Bd6 6. 0-0 f6 7. e5 Bc7 8. Bf4 g5 9. Bg3 f5 10. h3 Qe7 11. Nh2 Nh6 12. Qh5+ Nf7 13. f4 h6 14. a4 Na6 15. Na2 0-0-0 16. c3 Rdg8 17. Qe2 Nb8 18. Nf3 Rh7 19. Nb4 Rhg7 20. Rf2 g4 21. hxg4 Rxg4 22. Bh2 h5 23. Nc2 h4 24. Ne3 R4g7 25. Kh1 Nh6 26. Rg1 Ng4 27. Nxg4 fxg4 28. Ng5 g3 29. Rff1 c5 30. Be4 Ba6 31. Bd3 c4 32. Be4 Nc6 33. b4 b5 34. axb5 Bxb5 35. d5 Nxe5 36. fxe5 Rxg5 37. d6 Qd8 38. dxc7 Qxc7 39. Rf4 Rxe5 40. Rgf1 d5 41. Rf8+ Rxf8 42. Rxf8+ Kb7 43. Bg1 Rxe4 44. Qh5 Bd7 45. Qh8 Kc6 46. Ra8 Re1 47. Qd4 Qb6 48. Qxb6+ axb6 49. Rh8 Re4 50. Rh6 b5 51. Rf6 Kd6 52. Rf1 Bc6 53. Bc5+ Kd7 54. Rd1 Rf4 55. Kg1 e5 56. Be3 Rf5 57. Rf1 Rh5 58. Rf6 h3 59. gxh3 Rxh3 60. Rg6 d4 61. cxd4 0-1